[Event "2nd American Continental"]
[Site "Buenos Aires ARG"]
[Date "2003.08.26"]
[Round "8"]
[White "Fiorito, Fabian"]
[Black "Burgos, Carlos"]
[Result "1/2-1/2"]
[WhiteElo "2422"]
[BlackElo "2335"]
[EventDate "2003.08.17"]
[PlyCount "130"]

1.Nf3 Nf6 2.g3 b6 3.Bg2 Bb7 4.O-O e6 5.c4 c5 6.Nc3 Be7 7.Re1 d5 8.cxd5 
Nxd5 9.e4 Nb4 10.d4 cxd4 11.Nxd4 O-O 12.a3 N8c6 13.Nxe6 fxe6 14.axb4 Bxb4 
15.Be3 Qe7 16.Qh5 Na5 17.Bf1 Rac8 18.Qg4 Bxc3 19.bxc3 Rxc3 20.Bd2 Rc2 21.
Bxa5 Qc5 22.Re2 Rxe2 23.Qxe2 bxa5 24.Bg2 Bc6 25.Qd2 a4 26.Rc1 Qb6 27.h4 
Bb5 28.Bh3 h6 29.Qa2 Re8 30.e5 Kh8 31.Rd1 Qc5 32.Bxe6 Qxe5 33.Bf7 Rb8 34.
Bg6 Bc6 35.Bb1 Qf6 36.Qc2 g6 37.Qc5 Rb7 38.Bc2 Qf3 39.Rd8+ Kh7 40.Kf1 Bb5+
41.Kg1 Bc6 42.Kf1 Rf7 43.h5 Qg2+ 44.Ke2 Bb5+ 45.Kd2 Qxf2+ 46.Qxf2 Rxf2+ 
47.Kc1 Kg7 48.Rb8 a6 49.hxg6 Bc4 50.Rb7+ Kg8 51.Bxa4 Rg2 52.Rc7 Ba2 53.Rc3
a5 54.Bc2 Be6 55.Rc6 Ba2 56.Rc3 Kg7 57.Kb2 Be6 58.Ka3 Rf2 59.Ka4 Bf5 60.
Bb3 Kxg6 61.Kxa5 Rb2 62.Ka4 Kg5 63.Ka3 Rd2 64.Kb4 Kg4 65.Kc5 Rd3 1/2-1/2

[Event "2nd American Continental"]
[Site "Buenos Aires ARG"]
[Date "2003.08.26"]
[Round "8"]
[White "Flores, Diego"]
[Black "Castaneda, Carlos"]
[Result "1-0"]
[WhiteElo "2439"]
[BlackElo "2148"]
[EventDate "2003.08.17"]
[PlyCount "75"]

1.Nf3 g6 2.g3 Bg7 3.Bg2 Nf6 4.O-O O-O 5.c4 d6 6.d4 Nc6 7.Nc3 a6 8.h3 Rb8 
9.e4 e5 10.d5 Na5 11.Nd2 c5 12.a3 Qc7 13.Qe2 b6 14.b4 Nb7 15.Bb2 Nh5 16.b5
Na5 17.bxa6 Bxa6 18.Nb5 Bxb5 19.cxb5 Bh6 20.Nc4 Ra8 21.a4 Nxc4 22.Qxc4 Bd2
23.Ra2 Bb4 24.Kh2 Qe7 25.Bc1 Ra7 26.Bf3 Rfa8 27.Bd1 f6 28.f4 exf4 29.gxf4 
Ng7 30.Re2 Rf8 31.Bb2 Qf7 32.Bc2 Nh5 33.Rg2 Re7 34.h4 Qe8 35.Qe2 Rg7 36.f5
Rff7 37.fxg6 hxg6 38.e5 1-0

[Event "2nd American Continental"]
[Site "Buenos Aires ARG"]
[Date "2003.08.26"]
[Round "8"]
[White "Frey Perez, Hugo"]
[Black "Schneider, Dmitry"]
[Result "0-1"]
[WhiteElo "2342"]
[BlackElo "2425"]
[EventDate "2003.08.17"]
[PlyCount "52"]

1.e4 e6 2.d4 d5 3.e5 c5 4.c3 Nc6 5.Nf3 Qb6 6.a3 Nh6 7.b4 cxd4 8.cxd4 Nf5 
9.Bb2 Be7 10.Bd3 a5 11.Bxf5 exf5 12.Nc3 Be6 13.b5 a4 14.bxc6 Qxb2 15.O-O 
bxc6 16.Nxa4 Qb5 17.Nc5 Bxc5 18.dxc5 Qxc5 19.Nd4 Bd7 20.Rc1 Qb6 21.a4 Ra5 
22.e6 fxe6 23.Rb1 Qa7 24.Qh5+ g6 25.Qh6 Qxd4 26.Rb3 Kf7 0-1

[Event "2nd American Continental"]
[Site "Buenos Aires ARG"]
[Date "2003.08.26"]
[Round "8"]
[White "Garcia, Gildardo"]
[Black "Zambrana, Oswaldo"]
[Result "1/2-1/2"]
[WhiteElo "2473"]
[BlackElo "2404"]
[EventDate "2003.08.17"]
[PlyCount "84"]

1.e4 c5 2.Nf3 Nc6 3.Bb5 g6 4.Bxc6 dxc6 5.d3 Bg7 6.Nc3 e5 7.Be3 Qe7 8.Qd2 
h6 9.h3 Nf6 10.O-O Nd7 11.Nh2 Nf8 12.Ne2 Ne6 13.c3 b6 14.f4 exf4 15.Nxf4 
Nxf4 16.Bxf4 Be6 17.a4 Rd8 18.a5 g5 19.Bg3 O-O 20.Qe3 Qd7 21.axb6 axb6 22.
Rf3 f5 23.exf5 Rxf5 24.Ra6 b5 25.Rxf5 Bxf5 26.Qxc5 Qxd3 27.Nf3 Be4 28.Ra7 
Rd7 29.Rxd7 Qxd7 30.Nd4 Kf7 31.Kh2 Qd5 32.Qa7+ Kg6 33.Qe7 Bxg2 34.Ne6 Bxh3
35.Qxg7+ Kh5 36.Nf4+ gxf4 37.Bxf4 Bf1 38.Kg1 Qc5+ 39.Kh1 Bh3 40.Qf7+ Kg4 
41.Bxh6 Qd5+ 42.Qxd5 cxd5 1/2-1/2

[Event "2nd American Continental"]
[Site "Buenos Aires ARG"]
[Date "2003.08.26"]
[Round "8"]
[White "Giardelli, Sergio Carlos"]
[Black "Altamirano, Benjamin"]
[Result "1-0"]
[WhiteElo "2437"]
[BlackElo "2333"]
[EventDate "2003.08.17"]
[PlyCount "91"]

1.c4 e5 2.g3 Nf6 3.Bg2 d5 4.cxd5 Nxd5 5.Nc3 Nb6 6.Nf3 Nc6 7.d3 Be7 8.O-O 
O-O 9.b3 Bf5 10.Bb2 Qd7 11.a4 Rad8 12.a5 Nc8 13.a6 b6 14.Rc1 Bf6 15.Nd2 
Nb4 16.Nce4 Be7 17.Bxe5 Nd5 18.Qc2 c5 19.Qb2 f6 20.Bc3 Kh8 21.Rfd1 Rfe8 
22.Nc4 Qe6 23.Ra1 Nc7 24.b4 Nd5 25.bxc5 Nxc3 26.Qxc3 Bxe4 27.dxe4 Bxc5 28.
Ne3 Rxd1+ 29.Rxd1 Nd6 30.Qd3 h6 31.Nd5 Nxe4 32.e3 Qf5 33.Nf4 Nd6 34.Qb3 
Rd8 35.Bh3 Qe4 36.Ne6 Rc8 37.Nxc5 Rxc5 38.Rxd6 Rc1+ 39.Rd1 Qc6 40.Bf5 b5 
41.Rxc1 Qxc1+ 42.Kg2 Qc6+ 43.e4 Qe8 44.Qe6 Qb8 45.Qc8+ Qxc8 46.Bxc8 1-0

[Event "2nd American Continental"]
[Site "Buenos Aires ARG"]
[Date "2003.08.26"]
[Round "8"]
[White "Gomez Baillo, Jorge"]
[Black "Sorin, Ariel"]
[Result "1-0"]
[WhiteElo "2429"]
[BlackElo "2519"]
[EventDate "2003.08.17"]
[PlyCount "89"]

1.e4 e5 2.Nf3 Nc6 3.Bc4 Bc5 4.c3 Nf6 5.b4 Bb6 6.d3 d6 7.a4 a5 8.b5 Ne7 9.
O-O Ng6 10.Re1 O-O 11.Nbd2 Re8 12.Qb3 Re7 13.Ba3 Bc5 14.Bxc5 dxc5 15.Nf1 
Bg4 16.Ng5 Qe8 17.Ne3 h6 18.Nxg4 Nxg4 19.Nf3 b6 20.d4 cxd4 21.cxd4 Rd8 22.
Bd5 Nf6 23.Bc6 Qf8 24.Rad1 Kh8 25.Nxe5 Nxe5 26.dxe5 Rxd1 27.Qxd1 Rxe5 28.
f4 Qc5+ 29.Kh1 Re7 30.e5 Ng8 31.g3 Re6 32.Qf3 Qb4 33.Re4 Qb2 34.Qe2 Qa1+ 
35.Kg2 Re7 36.Qd2 g5 37.fxg5 Rxe5 38.gxh6 Rxe4 39.Bxe4 Qxa4 40.Qd5 Nf6 41.
Qa8+ Ng8 42.h7 Qa2+ 43.Kf3 Qb3+ 44.Kg4 f5+ 45.Bxf5 1-0

[Event "2nd American Continental"]
[Site "Buenos Aires ARG"]
[Date "2003.08.26"]
[Round "8"]
[White "Hobaica, Juan Pablo"]
[Black "Escobedo Tinajero, Alberto"]
[Result "1-0"]
[WhiteElo "2281"]
[BlackElo "2405"]
[EventDate "2003.08.17"]
[PlyCount "47"]

1.e4 c6 2.d4 d5 3.Nc3 dxe4 4.Nxe4 Nd7 5.Ng5 Ngf6 6.Bd3 e6 7.Qe2 Bd6 8.N1f3
h6 9.Ne4 Nxe4 10.Qxe4 Nf6 11.Qh4 Ke7 12.Ne5 Bxe5 13.dxe5 Qa5+ 14.c3 Qxe5+ 
15.Be3 b6 16.O-O-O g5 17.Qa4 c5 18.Rhe1 Rd8 19.f4 gxf4 20.Bxf4 Qh5 21.Be2 
Rxd1+ 22.Qxd1 Qd5 23.Bf3 Qxd1+ 24.Kxd1 1-0

[Event "2nd American Continental"]
[Site "Buenos Aires ARG"]
[Date "2003.08.26"]
[Round "8"]
[White "Iregui, Victor"]
[Black "Marcolino, Antonio Claudio"]
[Result "1-0"]
[WhiteElo "2151"]
[BlackElo "2122"]
[EventDate "2003.08.17"]
[PlyCount "101"]

1.e4 e6 2.d4 d5 3.e5 c5 4.c3 Qb6 5.Nf3 Bd7 6.Qb3 Nc6 7.Qxb6 axb6 8.Be3 f6 
9.Nbd2 fxe5 10.Nxe5 Nxe5 11.dxe5 Ne7 12.Bd3 Nc6 13.f4 d4 14.Bf2 Be7 15.Nc4
b5 16.Nb6 Ra5 17.cxd4 cxd4 18.Nxd7 Kxd7 19.O-O Rha8 20.b3 g6 21.Rad1 Rxa2 
22.Bxb5 Bc5 23.Bxd4 Bxd4+ 24.Rxd4+ Kc7 25.Ra4 R8xa4 26.bxa4 Rd2 27.Bxc6 
Kxc6 28.Ra1 Rd8 29.Kf2 Ra8 30.Ke3 Ra5 31.Ke4 Kc5 32.Rc1+ Kb6 33.Rc4 Rd5 
34.g4 Rd1 35.Rb4+ Kc6 36.a5 Re1+ 37.Kf3 Rf1+ 38.Kg2 Ra1 39.Rb6+ Kd5 40.
Rxb7 Rxa5 41.Rxh7 Ke4 42.Rf7 Ra2+ 43.Kg3 Ra3+ 44.Kh4 Rf3 45.Kg5 Rh3 46.
Kxg6 Rxh2 47.g5 Rh4 48.Kg7 Rh2 49.g6 Rh4 50.Kg8 Rh6 51.g7 1-0

[Event "2nd American Continental"]
[Site "Buenos Aires ARG"]
[Date "2003.08.26"]
[Round "8"]
[White "Kanefsck, Gustavo"]
[Black "Garcia Palermo, Carlos"]
[Result "1/2-1/2"]
[WhiteElo "2389"]
[BlackElo "2443"]
[EventDate "2003.08.17"]
[PlyCount "86"]

1.e4 c6 2.d4 d5 3.Nd2 dxe4 4.Nxe4 Bf5 5.Ng3 Bg6 6.h4 h6 7.Nf3 Nd7 8.h5 Bh7
9.Bd3 Bxd3 10.Qxd3 e6 11.Bf4 Bb4+ 12.c3 Be7 13.Ne4 Ngf6 14.Ne5 Nxe5 15.
Bxe5 Qd5 16.Bxf6 gxf6 17.Qf3 O-O-O 18.Nd2 Rhg8 19.g3 c5 20.Qxd5 Rxd5 21.
dxc5 Bxc5 22.Nf3 Rf5 23.Ke2 Rg4 24.Rh2 e5 25.Nd2 e4 26.Rf1 Re5 27.Nc4 Re6 
28.b4 Bb6 29.Rd1 e3 30.Nxb6+ axb6 31.fxe3 Rxg3 32.Rd3 b5 33.Rh4 Rg2+ 34.
Kf3 Rxa2 35.Rhd4 Rh2 36.Rd5 Rh3+ 37.Kf4 Rh4+ 38.Kf3 Re5 39.Rd8+ Kc7 40.
R3d7+ Kb6 41.Rb8 Rh3+ 42.Kg2 Rhxe3 43.Rbxb7+ Kc6 1/2-1/2

[Event "2nd American Continental"]
[Site "Buenos Aires ARG"]
[Date "2003.08.26"]
[Round "8"]
[White "Kudrin, Sergey"]
[Black "Morovic Fernandez, Ivan"]
[Result "0-1"]
[WhiteElo "2538"]
[BlackElo "2573"]
[EventDate "2003.08.17"]
[PlyCount "105"]

1.e4 c5 2.Nf3 d6 3.d4 cxd4 4.Nxd4 Nf6 5.Nc3 a6 6.Bc4 e6 7.Bb3 b5 8.Bg5 Be7
9.Qf3 Qb6 10.O-O-O O-O 11.g4 b4 12.Na4 Qb7 13.Bxf6 Bxf6 14.h4 Nc6 15.Nxc6 
Qxc6 16.g5 Be7 17.Qe3 Rb8 18.f4 Rb5 19.h5 Bb7 20.Rhe1 Bd8 21.Kb1 Re8 22.
Qd2 Bc7 23.h6 g6 24.Qd4 e5 25.Qf2 exf4 26.Bd5 Rxd5 27.exd5 Qxa4 28.Qxf4 f5
29.gxf6 Qd7 30.Qd4 Re5 31.Rxe5 dxe5 32.Qxb4 Bd6 33.Qb6 Kf7 34.c4 Bc8 35.
Ka1 e4 36.c5 Be5 37.d6 Bb7 38.Qb3+ Kf8 39.a3 Bc6 40.Qb8+ Kf7 41.Qh8 Ke6 
42.Qf8 Bxf6 43.Rf1 Qd8 44.Qxd8 Bxd8 45.Kb1 Bg5 46.Kc2 e3 47.Kc3 Kd5 48.b4 
Ke4 49.Rd1 e2 50.Rb1 Ke3 51.Kc4 Bxh6 52.b5 axb5+ 53.Kb4 0-1

[Event "2nd American Continental"]
[Site "Buenos Aires ARG"]
[Date "2003.08.26"]
[Round "8"]
[White "Lafuente, Pablo"]
[Black "Szmetan, Ricardo"]
[Result "1/2-1/2"]
[WhiteElo "2431"]
[BlackElo "2288"]
[EventDate "2003.08.17"]
[PlyCount "108"]

1.d4 c5 2.d5 e5 3.e4 d6 4.Nc3 Be7 5.Bb5+ Kf8 6.f4 a6 7.Bd3 exf4 8.Nf3 Bh4+
9.Kf1 Bg4 10.Qd2 Bxf3 11.gxf3 Nd7 12.Qxf4 Ne5 13.Qe3 g5 14.f4 gxf4 15.Qxf4
Qf6 16.Be2 Ne7 17.Qxf6 Bxf6 18.a4 Rg8 19.Ra3 Bg5 20.Bxg5 Rxg5 21.Rb3 Ra7 
22.Rg1 Rxg1+ 23.Kxg1 f5 24.Kf2 c4 25.Rb4 fxe4 26.a5 b5 27.axb6 Rb7 28.Ke3 
Nd7 29.Bxc4 a5 30.Rb5 Rxb6 31.Rxb6 Nxb6 32.Bb3 Ng6 33.Nxe4 Ke7 34.Nd2 Kf6 
35.h3 h5 36.c4 Ne5 37.Kd4 Nbd7 38.Bd1 h4 39.Ne4+ Ke7 40.b3 Nf7 41.c5 dxc5+
42.Nxc5 Nf6 43.Bc2 Ng5 44.Bf5 Nf3+ 45.Ke3 Ne5 46.Be6 Ng6 47.Kd4 Nf4 48.Ke5
Ng6+ 49.Kf5 Nf8 50.Nb7 Nxe6 51.dxe6 Nd5 52.Nxa5 Ne3+ 53.Ke5 Ng4+ 54.Kf5 
Nf2 1/2-1/2

[Event "2nd American Continental"]
[Site "Buenos Aires ARG"]
[Date "2003.08.26"]
[Round "8"]
[White "Lanza, Diego"]
[Black "Urchipia, Carlos Daniel"]
[Result "1-0"]
[WhiteElo "2067"]
[BlackElo "2173"]
[EventDate "2003.08.17"]
[PlyCount "73"]

1.e4 c6 2.d4 d5 3.f3 dxe4 4.fxe4 e5 5.Nf3 Bg4 6.Bc4 Nd7 7.O-O Ngf6 8.c3 
Bh5 9.Kh1 Qc7 10.a4 Bd6 11.Qe2 O-O 12.Bg5 Rae8 13.Nbd2 exd4 14.cxd4 Qa5 
15.e5 Bxe5 16.dxe5 Rxe5 17.Qd3 Rxg5 18.Nxg5 Qxg5 19.Ne4 Nxe4 20.Qxe4 Nf6 
21.Qd3 Bg6 22.Qe2 Re8 23.Qf2 b6 24.Qf4 Qc5 25.h3 h6 26.Rae1 Rd8 27.b4 Qg5 
28.Qxg5 hxg5 29.Rd1 Re8 30.Rfe1 Ne4 31.Kg1 Kf8 32.Rd7 Re7 33.Rxe7 Kxe7 34.
Bd3 f5 35.g4 Kf6 36.gxf5 Nf2 37.Re6+ 1-0

[Event "2nd American Continental"]
[Site "Buenos Aires ARG"]
[Date "2003.08.26"]
[Round "8"]
[White "Leeuw, Pablo Gabriel"]
[Black "Cruz Condori, Alfredo"]
[Result "0-1"]
[WhiteElo "2110"]
[BlackElo "2244"]
[EventDate "2003.08.17"]
[PlyCount "82"]

1.e4 c5 2.c4 Nc6 3.g3 g6 4.Bg2 Bg7 5.Ne2 d6 6.O-O h5 7.h3 h4 8.g4 e5 9.f3 
Nge7 10.d3 a6 11.Nbc3 Rb8 12.a4 b6 13.Nd5 f5 14.Bg5 f4 15.Qe1 Be6 16.Bxh4 
Bxd5 17.exd5 Nb4 18.Bxe7 Qxe7 19.Qd2 Bf6 20.Rfd1 a5 21.Nc3 Kd7 22.Nb5 Kc8 
23.Qe2 Kb7 24.Rd2 Rh6 25.Qe4 Rbh8 26.Re1 Bh4 27.Ree2 Qf6 28.b3 R8h7 29.Bf1
Bg3 30.Bg2 Kb8 31.d4 Qh8 32.Kf1 Rxh3 33.Rf2 cxd4 34.Qxg6 R3h6 35.Qf5 Rf6 
36.Qe4 Rh1+ 37.Ke2 d3+ 38.Rxd3 Bxf2 39.Rd1 Rxd1 40.Kxd1 Qh2 41.Bf1 Be3 0-1

[Event "2nd American Continental"]
[Site "Buenos Aires ARG"]
[Date "2003.08.26"]
[Round "8"]
[White "Lemos, Damian"]
[Black "Arenas, Sergio"]
[Result "1/2-1/2"]
[WhiteElo "2206"]
[BlackElo "2155"]
[EventDate "2003.08.17"]
[PlyCount "175"]

1.d4 d5 2.c4 Bf5 3.Nf3 Nf6 4.Nc3 e6 5.Bf4 c6 6.Qb3 Qb6 7.c5 Qxb3 8.axb3 
Nbd7 9.e3 a6 10.b4 Rc8 11.Nh4 Bg6 12.Nxg6 hxg6 13.h3 Be7 14.Bd3 O-O 15.O-O
Rfe8 16.Rfe1 Bf8 17.Bg3 e5 18.f4 Nh5 19.Bh2 e4 20.Be2 f5 21.Kf2 Be7 22.Rg1
Kf7 23.Nb1 Rh8 24.Nd2 Nhf6 25.Rh1 Ne8 26.Nb3 Nc7 27.Bg1 Nf6 28.g3 Ne6 29.
Kg2 g5 30.fxg5 Nxg5 31.Rf1 Ke6 32.Na5 Rc7 33.g4 g6 34.Bh2 Rd7 35.Bg3 Nf7 
36.Rf2 fxg4 37.hxg4 Rxh1 38.Kxh1 Bd8 39.Bh4 g5 40.Bg3 Nh6 41.Bf1 Bxa5 42.
bxa5 Nhxg4 43.Re2 Rh7+ 44.Kg1 Ne8 45.Be1 Ng7 46.Rg2 Nxe3 47.Rxg5 Nxf1 48.
Kxf1 Nf5 49.Bc3 Rh2 50.Rg8 e3 51.Rg2 Rh4 52.Ke2 Rf4 53.Kd3 Rf1 54.Ke2 Rh1 
55.Rg6+ Kf7 56.Rg5 Rh2+ 57.Kd3 Kf6 58.Rg8 Rh7 59.Rg2 Re7 60.Ke2 Re4 61.Kd3
Rf4 62.Rg8 Ne7 63.Rb8 Re4 64.Ke2 Ng6 65.Rxb7 Nf4+ 66.Kf3 e2 67.Rb6 Nd3 68.
Rxc6+ Kf5 69.Rxa6 e1=Q 70.Bxe1 Nxe1+ 71.Kg3 Rxd4 72.Rb6 Rg4+ 73.Kh3 Rg7 
74.a6 Kf4 75.Rb4+ Kf3 76.Rb3+ Kf2 77.Kh4 Ng2+ 78.Kh5 Nf4+ 79.Kh4 Ng2+ 80.
Kh5 Nf4+ 81.Kh4 Ra7 82.Kg4 Ne6 83.Rb6 Nxc5 84.Rb5 Nd7 85.Kf5 d4 86.Ke4 
Rxa6 87.Kxd4 Rd6+ 88.Rd5 1/2-1/2

[Event "2nd American Continental"]
[Site "Buenos Aires ARG"]
[Date "2003.08.26"]
[Round "8"]
[White "Lida Garcia, Fernando"]
[Black "Campitelli, Guillermo"]
[Result "0-1"]
[WhiteElo "2130"]
[BlackElo "2190"]
[EventDate "2003.08.17"]
[PlyCount "146"]

1.e4 c5 2.Nc3 Nc6 3.g3 g6 4.d3 Bg7 5.Bg2 e6 6.Be3 d6 7.Qd2 Bd7 8.Nge2 Nd4 
9.Nc1 Qa5 10.O-O Ne7 11.Nb3 Qc7 12.Rfc1 O-O 13.Bh6 e5 14.Nxd4 cxd4 15.Ne2 
Be6 16.c3 dxc3 17.bxc3 Rab8 18.c4 f6 19.h4 Nc6 20.Bxg7 Kxg7 21.Rab1 Qa5 
22.Qxa5 Nxa5 23.Rb2 b6 24.Nc3 Rb7 25.f4 Nc6 26.a4 Rd8 27.Kf2 Re7 28.Bf3 
Na5 29.Ne2 Bd7 30.Ra1 Nb7 31.Ke3 Bc6 32.f5 gxf5 33.exf5 Bxf3 34.Kxf3 d5 
35.Ra3 dxc4 36.dxc4 Rc7 37.Rb4 Na5 38.g4 h6 39.Rc3 Rdc8 40.Rd3 Nxc4 41.Ke4
Na5 42.Kf3 Nb7 43.Rd5 Nc5 44.a5 bxa5 45.Rb5 a4 46.Ra5 Nd7 47.Ra6 Nb6 48.
Rda5 Rd8 49.Rxa7 Rd3+ 50.Ke4 Rdd7 51.Rxc7 Rxc7 52.Ra6 Rc4+ 53.Kf3 Nc8 54.
Ng3 Rf4+ 55.Ke3 Rxg4 56.Nh5+ Kf7 57.Rxf6+ Ke7 58.Rxh6 Rxh4 59.f6+ Kf7 60.
Rh7+ Kg8 61.Rg7+ Kf8 62.Rg5 Nd6 63.Ng7 a3 64.Ne6+ Kf7 65.Nc5 Kxf6 66.Rg1 
Rc4 67.Nd3 Ke6 68.Rd1 Nb5 69.Kd2 Nd4 70.Nc1 Rc2+ 71.Kd3 Kd5 72.Ke3 a2 73.
Nb3 Rc3+ 0-1

[Event "2nd American Continental"]
[Site "Buenos Aires ARG"]
[Date "2003.08.26"]
[Round "8"]
[White "Llanos, Guillermo"]
[Black "Duarte, Leonardo"]
[Result "0-1"]
[WhiteElo "2398"]
[BlackElo "2207"]
[EventDate "2003.08.17"]
[PlyCount "78"]

1.e4 c5 2.Nf3 e6 3.b3 d5 4.exd5 Qxd5 5.Bb5+ Bd7 6.Nc3 Qh5 7.Bxd7+ Nxd7 8.
O-O Bd6 9.d4 Ngf6 10.Nb5 Bb8 11.dxc5 O-O 12.Ba3 Nxc5 13.Re1 a6 14.Nbd4 Rd8
15.Bxc5 Qxc5 16.Nxe6 Bxh2+ 17.Nxh2 fxe6 18.Qe2 e5 19.c4 e4 20.Rad1 Rf8 21.
Rd2 Rae8 22.Qe3 Qa5 23.Red1 Re5 24.Nf1 Qc7 25.Qh3 Qf7 26.Ne3 Nh5 27.Qd7 
Qg6 28.Rd6 Nf6 29.Qxb7 h5 30.Rxa6 h4 31.Nd5 Qg4 32.Ne3 Qf4 33.Ra7 Nh5 34.
Rd2 h3 35.Ra8 Rxa8 36.Qxa8+ Kh7 37.Re2 hxg2 38.Qc8 Qf3 39.Qg4 Nf4 0-1

[Event "2nd American Continental"]
[Site "Buenos Aires ARG"]
[Date "2003.08.26"]
[Round "8"]
[White "Luconi, Cristian"]
[Black "Andrade, Roberto Luiz Costa"]
[Result "1-0"]
[WhiteElo "2115"]
[BlackElo "2309"]
[EventDate "2003.08.17"]
[PlyCount "109"]

1.d4 d5 2.Nf3 Nf6 3.Bf4 c5 4.e3 Nc6 5.c3 Bg4 6.Nbd2 e6 7.Qb3 Qb6 8.Ne5 
Qxb3 9.axb3 Nxe5 10.Bxe5 Nd7 11.Bg3 a6 12.Bd3 Be7 13.O-O O-O 14.h3 Bh5 15.
Bh2 Bg6 16.Bxg6 hxg6 17.Nf3 Rac8 18.Rfe1 f5 19.Bf4 Rc6 20.dxc5 Rxc5 21.
Red1 Rfc8 22.b4 R5c6 23.g4 Rb6 24.Kg2 Bd6 25.Bg3 Be7 26.Nd2 Bd6 27.Nf3 
Bxg3 28.Kxg3 Nf6 29.Ne5 Ne4+ 30.Kg2 Kh7 31.Rd4 Rc7 32.Ra5 Nd6 33.Rc5 Ne8 
34.Rxc7 Nxc7 35.g5 Nb5 36.Rh4+ Kg8 37.Nxg6 Nd6 38.Rh8+ Kf7 39.Ne5+ Ke7 40.
Rg8 Ne8 41.h4 a5 42.bxa5 Rxb2 43.h5 Rc2 44.Ng6+ Kd7 45.h6 gxh6 46.Rxe8 
hxg5 47.Re7+ Kd6 48.Rxb7 Rxc3 49.a6 Ra3 50.a7 e5 51.Ne7 f4 52.exf4 gxf4 
53.Nc8+ Kc6 54.Rb8 f3+ 55.Kg3 1-0

[Event "2nd American Continental"]
[Site "Buenos Aires ARG"]
[Date "2003.08.26"]
[Round "8"]
[White "Lujan, Carolina"]
[Black "Ramirez Alvarez, Alejandro"]
[Result "1-0"]
[WhiteElo "2263"]
[BlackElo "2450"]
[EventDate "2003.08.17"]
[PlyCount "125"]

1.e4 c5 2.Nf3 Nc6 3.d4 cxd4 4.Nxd4 Nf6 5.Nc3 e5 6.Ndb5 d6 7.Bg5 a6 8.Na3 
b5 9.Nd5 Be7 10.Bxf6 Bxf6 11.c3 O-O 12.Nc2 Bg5 13.Be2 Ne7 14.Ncb4 a5 15.
Nxe7+ Qxe7 16.Nd5 Qb7 17.Qd3 Rb8 18.O-O Be6 19.Rfd1 Rfc8 20.Qg3 Bh6 21.Bg4
Rf8 22.Qh4 Kh8 23.Bf5 Bxf5 24.exf5 f6 25.Rd3 Rbc8 26.Rad1 Rc4 27.Qh5 b4 
28.Nxf6 bxc3 29.bxc3 Qc8 30.Rxd6 Rf4 31.Nd7 R8xf5 32.Nf6 Rxf6 33.Rd8+ Rf8 
34.Rxc8 Rxc8 35.Qxe5 Rcf8 36.f3 a4 37.Qe7 Kg8 38.Qe6+ Kh8 39.Qe7 Kg8 40.
Rd8 g6 41.Rxf8+ Bxf8 42.Qe6+ Rf7 43.c4 Kg7 44.Qe5+ Kh6 45.Qe8 Bc5+ 46.Kf1 
Rb7 47.Qxa4 Rb1+ 48.Ke2 Rb2+ 49.Kd3 Rxg2 50.Qc6 Bg1 51.a4 Rxh2 52.a5 Ra2 
53.a6 Ra3+ 54.Ke4 Ra5 55.f4 Bf2 56.Kf3 Bg1 57.Kg4 Be3 58.Kf3 Bc5 59.f5 Bd4
60.f6 Kg5 61.f7 Ra3+ 62.Ke4 Bg7 63.Qc5+ 1-0

[Event "2nd American Continental"]
[Site "Buenos Aires ARG"]
[Date "2003.08.26"]
[Round "8"]
[White "Mahia, Gustavo"]
[Black "Ojeda, Hernan"]
[Result "1-0"]
[WhiteElo "2377"]
[BlackElo "2226"]
[EventDate "2003.08.17"]
[PlyCount "79"]

1.e4 c6 2.Nc3 d5 3.Nf3 dxe4 4.Nxe4 Nf6 5.Nxf6+ exf6 6.d4 Bd6 7.Be3 Na6 8.
Be2 Nb4 9.O-O Bf5 10.Ne1 Qc7 11.h3 h5 12.c4 g5 13.a3 Na6 14.Bd3 Bd7 15.b4 
O-O-O 16.b5 Nb8 17.Qa4 g4 18.h4 Rde8 19.Nc2 g3 20.f4 c5 21.Qxa7 cxd4 22.
Qxd4 Rxe3 23.Nxe3 Bc5 24.Qxf6 Bxe3+ 25.Kh1 Rg8 26.Rae1 Bf2 27.Re5 Qd8 28.
Qxd8+ Kxd8 29.Rxh5 Bg4 30.Rg5 Rxg5 31.fxg5 Nd7 32.Be4 Ne5 33.Bxb7 Nxc4 34.
a4 Ne3 35.Rc1 Nf5 36.Bc8 Be3 37.Bxf5 Bxf5 38.Rc3 Bf2 39.a5 Be1 40.Rc5 1-0

[Event "2nd American Continental"]
[Site "Buenos Aires ARG"]
[Date "2003.08.26"]
[Round "8"]
[White "Malbran, Guillermo"]
[Black "Daneri, Martin"]
[Result "1-0"]
[WhiteElo "2345"]
[BlackElo "2175"]
[EventDate "2003.08.17"]
[PlyCount "63"]

1.e4 c5 2.Nf3 b6 3.Bc4 e6 4.O-O Bb7 5.Re1 Nf6 6.e5 Nd5 7.d4 Be7 8.Bxd5 
Bxd5 9.Nc3 Bb7 10.d5 exd5 11.Nxd5 O-O 12.Bf4 Na6 13.Qd2 Bxd5 14.Qxd5 Nc7 
15.Qd2 Ne6 16.Rad1 Nxf4 17.Qxf4 Qc7 18.Rd5 Rad8 19.Red1 f6 20.Qc4 Kh8 21.
Qe4 fxe5 22.Nxe5 d6 23.Ng4 Rde8 24.Rh5 g6 25.Qxg6 Bd8 26.h3 Qd7 27.b3 d5 
28.Qd3 Bc7 29.Qxd5 Qe7 30.Qd2 Qe4 31.Qc3+ Kg8 32.Nh6# 1-0

[Event "2nd American Continental"]
[Site "Buenos Aires ARG"]
[Date "2003.08.26"]
[Round "8"]
[White "Manzone, Alessandro jr"]
[Black "Bendana Guerrero, Guy"]
[Result "1/2-1/2"]
[WhiteElo "2119"]
[BlackElo "2186"]
[EventDate "2003.08.17"]
[PlyCount "43"]

1.d4 Nf6 2.c4 e5 3.dxe5 Ng4 4.Nf3 Bc5 5.e3 Nc6 6.Be2 Ngxe5 7.Nc3 a5 8.O-O 
d6 9.b3 O-O 10.Bb2 Nxf3+ 11.Bxf3 Ne5 12.Nd5 c6 13.Nf4 Nxf3+ 14.Qxf3 Qg5 
15.Qh5 Qxh5 16.Nxh5 f6 17.Ng3 Be6 18.Rfd1 d5 19.cxd5 Bxd5 20.Bd4 Ba3 21.
Bc3 Rfe8 22.Ne2 1/2-1/2

[Event "2nd American Continental"]
[Site "Buenos Aires ARG"]
[Date "2003.08.26"]
[Round "8"]
[White "Marcolino, Daniel Mattos"]
[Black "Benko, Francisco"]
[Result "1/2-1/2"]
[WhiteElo "2055"]
[BlackElo "2142"]
[EventDate "2003.08.17"]
[PlyCount "76"]

1.d4 Nf6 2.Nf3 e6 3.Bg5 d5 4.e3 Nbd7 5.Bd3 c5 6.c3 Qb6 7.Qc2 c4 8.Be2 Ne4 
9.Bf4 f5 10.O-O Be7 11.Ne5 O-O 12.f3 Nd6 13.Nd2 Nxe5 14.Bxe5 Nf7 15.Bg3 
Bg5 16.Bf2 Bd7 17.e4 Qc7 18.Be1 Nh6 19.h4 Be3+ 20.Bf2 Bxf2+ 21.Rxf2 Qg3 
22.Nf1 Qxh4 23.g3 Qe7 24.e5 f4 25.Rg2 Be8 26.b3 Bg6 27.Qd2 b5 28.a4 a6 29.
axb5 axb5 30.Rxa8 Rxa8 31.bxc4 bxc4 32.Qxf4 Nf7 33.Qd2 Qa7 34.Bd1 Qe7 35.
Qc1 Qg5 36.f4 Qe7 37.Rb2 Nh6 38.Ne3 Be4 1/2-1/2

[Event "2nd American Continental"]
[Site "Buenos Aires ARG"]
[Date "2003.08.26"]
[Round "8"]
[White "Martinez Garcia, Jose Joaquin"]
[Black "Burijovich, Liliana"]
[Result "0-1"]
[WhiteElo "2172"]
[BlackElo "2195"]
[EventDate "2003.08.17"]
[PlyCount "76"]

1.d4 Nf6 2.c4 g6 3.Nc3 Bg7 4.e4 d6 5.f3 O-O 6.Be3 e5 7.d5 c6 8.Qd2 cxd5 9.
exd5 a5 10.g4 Na6 11.h3 Nc5 12.Bxc5 dxc5 13.Bd3 Ne8 14.h4 Nd6 15.h5 Re8 
16.hxg6 hxg6 17.g5 e4 18.fxe4 Bf5 19.O-O-O Nxe4 20.Nxe4 Bxe4 21.Rh3 Bxd3 
22.Rxd3 Re4 23.Ne2 Rxc4+ 24.Kb1 Rb4 25.Nc3 Rg4 26.d6 Qxg5 27.Qxg5 Rxg5 28.
d7 Rd8 29.Re3 Re5 30.Red3 Kf8 31.Na4 b5 32.Nb6 Re2 33.Rd5 Rxb2+ 34.Kc1 
Rxa2 35.R1d3 c4 36.Rf3 c3 37.Rh3 b4 38.Rb5 f5 0-1

[Event "2nd American Continental"]
[Site "Buenos Aires ARG"]
[Date "2003.08.26"]
[Round "8"]
[White "Mazziotti Irigoyen, Gabriel"]
[Black "Arambel, Sergio Javier"]
[Result "1/2-1/2"]
[WhiteElo "2238"]
[BlackElo "2245"]
[EventDate "2003.08.17"]
[PlyCount "142"]

1.e4 c5 2.Nf3 e6 3.c4 a6 4.Nc3 Qc7 5.Be2 b6 6.O-O Bb7 7.d4 cxd4 8.Nxd4 Nf6
9.Bd3 Be7 10.Be3 d6 11.f3 Nbd7 12.Qd2 O-O 13.Rfc1 Rac8 14.Qf2 Qb8 15.Be2 
Rfe8 16.a3 Bf8 17.b4 d5 18.cxd5 exd5 19.exd5 Qe5 20.Bd2 Nxd5 21.f4 Qd6 22.
Nxd5 Rxc1+ 23.Rxc1 Bxd5 24.Bxa6 Be4 25.Bb5 Ra8 26.a4 Nf6 27.Qe3 Rd8 28.Nb3
Bb7 29.Qe5 Ne4 30.Qxd6 Bxd6 31.Be3 Bd5 32.Nd4 Nf6 33.Nc6 Re8 34.Ne5 Rb8 
35.Bc6 Bxb4 36.Rb1 Ba5 37.Bxd5 Nxd5 38.Nc6 Re8 39.Nxa5 Rxe3 40.Nc4 Re4 41.
Nxb6 Nxb6 42.Rxb6 h6 43.a5 Rxf4 44.a6 Ra4 45.Kf2 Ra3 46.Ke2 h5 47.Kd2 Kh7 
48.Kc2 f5 49.Kb2 Ra5 50.h4 g6 51.Kb3 f4 52.Kb4 Ra2 53.Kb5 Rb2+ 54.Kc6 Rxg2
55.a7 Ra2 56.Kb7 f3 57.a8=Q Rxa8 58.Kxa8 Kg7 59.Rb3 f2 60.Rf3 g5 61.hxg5 
Kg6 62.Rxf2 Kxg5 63.Kb7 h4 64.Kc6 h3 65.Kd5 Kg4 66.Ke4 Kg3 67.Rf8 h2 68.
Ke3 h1=Q 69.Rg8+ Kh2 70.Rh8+ Kg2 71.Rxh1 Kxh1 1/2-1/2

[Event "2nd American Continental"]
[Site "Buenos Aires ARG"]
[Date "2003.08.26"]
[Round "8"]
[White "Mieles Palau, Daniel"]
[Black "Filgueira, Hernan"]
[Result "1-0"]
[WhiteElo "2468"]
[BlackElo "2376"]
[EventDate "2003.08.17"]
[PlyCount "77"]

1.e4 c5 2.Nf3 Nf6 3.Nc3 d6 4.d4 cxd4 5.Nxd4 Nc6 6.Bg5 e6 7.Qd2 Be7 8.O-O-O
O-O 9.Nb3 Qb6 10.f3 Rd8 11.Kb1 d5 12.Bxf6 dxe4 13.Bxe7 Rxd2 14.Nxd2 Qc7 
15.Bh4 Bd7 16.Ndxe4 Be8 17.Nd6 a6 18.Bd3 Nb4 19.a3 Nxd3 20.Rxd3 Bc6 21.
Rhd1 h6 22.Bg3 Qe7 23.Nc4 Kh7 24.Ne5 Be8 25.Ne4 f5 26.Nd6 Bh5 27.Rc3 Rd8 
28.Rcd3 Rg8 29.Nec4 Bg6 30.Be5 f4 31.R3d2 b5 32.Na5 Qg5 33.Bc3 Qh4 34.h3 
Rd8 35.Nc6 Rg8 36.Ne5 Bh5 37.Ne4 Be8 38.Rd6 Qe7 39.Rxa6 1-0